000 00970nas a2200325 4500
001 BR2018001051
003 BR-BrBNA
005 20231205131329.0
007 ta
008 230509b bl.|||p| |||| 00| 00por d
040 _aBR-BrBNA
_bpor
_cBiblioteca Nacional de Agricultura
041 _a(En)
072 _aF30; F50
100 1 _aHoffmann, L.V.
100 1 _aCardoso, K.C.M.
100 1 _aRocha, A.S.N. da C.
100 1 _aOliveira, A.I.D. de
100 1 _aAbreu, A.G.
100 1 _aPereira, C.C. de O.
100 1 _aMalafaia, G.
100 1 _aMenezes, I.P.P. de
245 1 _aGenetic diversity of Gossypium barbadense from the central Brazilian Amazon
650 _aALGODÃO
650 _aRECURSO GENÉTICO
650 _aMORFOLOGIA VEGETAL
650 _aAMAZÔNIA CENTRAL
773 0 _tActa Amazônica (Brazil)
_xISSN 0044-5967
_g(Mar 2018), v. 48(1) p. 1-9
_wBR2018001051
909 _a202311
_bLúcia
_c55
_dLúcia Elande
942 _2AGRIS
_n0
_cANA
999 _c254225
_d254225